| 000 | 00441nam a2200145 a 4500 | ||
|---|---|---|---|
| 001 | 000042118 | ||
| 005 | 20201002035942.0 | ||
| 008 | 131114s1978 cu ac 000 0 spa d | ||
| 040 |
_aDO-SdBNP _bspa _cBNPHU |
||
| 082 |
_axxx _bS232h |
||
| 100 | 1 |
_aSantamaría, Haydée _969119 |
|
| 245 | 1 | 0 |
_aHaydée habla del moncada / _cHaydée Santamaría. |
| 260 |
_aLa Habana, Cuba : _bCiencia Sociales, _c1978. |
||
| 300 |
_a219 p. : _bil., retrs. ; _c18 cm. |
||
| 999 |
_c41607 _d41607 |
||